| 000 | 00577nam a22002177a 4500 | ||
|---|---|---|---|
| 005 | 20250506081019.0 | ||
| 008 | 250506b |||||||| |||| 00| 0 eng d | ||
| 020 | _a978-1-4088-5198-2 | ||
| 082 | _aFic. M111 2014 | ||
| 100 | _aMaas, Sarah J. | ||
| 245 |
_aThe assassin's blade / _cSarah J. Maas |
||
| 260 |
_aLondon: _bBloomsbury, _cc2014 |
||
| 300 | _a437p. | ||
| 490 | _aThe throne of glass; 5 | ||
| 541 | _e7835 c.1 | ||
| 650 | _aAssassins - Fiction | ||
| 650 | _aFantasy fiction | ||
| 650 | _aRomance fiction | ||
| 650 | _aYouth - Fiction | ||
| 650 | _aFae - Fiction | ||
| 999 |
_c2449 _d2449 |
||